[Event "Dresdner Seniorenklub-BSV Chemie Radebe"]
[Site "Radebeul"]
[Date "2016.07.01"]
[Round "?"]
[White "Ziegenbein, Dieter"]
[Black "Unger, Martin"]
[Result "1-0"]
[WhiteElo "1701"]
[BlackElo "1514"]
[PlyCount "154"]
[EventDate "2016.??.??"]

1. e4 e6 2. d4 d5 3. Nd2 c5 4. c3 Nc6 5. Ngf3 Qb6 6. exd5 exd5 7. Qe2+ Nge7 8.
dxc5 Qxc5 9. Nb3 Qd6 10. g3 Qd8 11. Bg2 h6 12. O-O b6 13. Re1 Be6 14. Nfd4 Nxd4
15. Nxd4 Qd7 16. Nxe6 Qxe6 17. Qxe6 fxe6 18. Rxe6 O-O-O 19. Bf4 g5 20. Bd6 Nf5
21. Bxf8 Rhxf8 22. Bh3 h5 23. Re5 g4 24. Bg2 d4 25. c4 h4 26. gxh4 Nxh4 27. Rd1
Nf3+ 28. Bxf3 gxf3 29. h4 Rg8+ 30. Rg5 Kc7 31. Kf1 Kc6 32. Rxg8 Rxg8 33. Rxd4
Kc5 34. Rf4 Rh8 35. Ke1 Re8+ 36. Kf1 Rg8 37. a3 Rd8 38. Rxf3 Rd1+ 39. Ke2 Rd4
40. h5 Rh4 41. Rf5+ Kxc4 42. Kf3 Kb3 43. Kg3 Rh1 44. Rb5+ Kc4 45. Rb4+ Kd5 46.
Rh4 Rg1+ 47. Kf4 Ke6 48. Rg4 Rh1 49. Rg6+ Kf7 50. Kg5 Rg1+ 51. Kf5 Rh1 52. h6
Rh5+ 53. Rg5 Rxh6 54. f4 Rc6 55. Ke4 Rc4+ 56. Ke3 Rc6 57. Kd4 Rc2 58. Rf5+ Ke7
59. Re5+ Kd6 60. b4 Ra2 61. Re3 Rf2 62. Ke4 Ke6 63. f5+ Ke7 64. Ke5 Rd2 65. Rh3
Re2+ 66. Kf4 Rf2+ 67. Rf3 Rc2 68. Re3+ Kf6 69. Re6+ Kf7 70. Rh6 Kg7 71. Rd6 Rc7
72. Ke5 Re7+ 73. Kd5 Rc7 74. Ke6 Kg8 75. Rd8+ Kg7 76. Rd7+ Rxd7 77. Kxd7 Kf6
1-0

[Event "Dresdner Seniorenklub-BSV Chemie Radebe"]
[Site "Radebeul"]
[Date "2016.07.01"]
[Round "?"]
[White "Neffe, Guenther"]
[Black "Koenig, Manfred"]
[Result "1/2-1/2"]
[WhiteElo "1606"]
[BlackElo "1305"]
[PlyCount "116"]
[EventDate "2016.??.??"]

1. Nf3 Nf6 2. g3 g6 3. Bg2 Bg7 4. c4 O-O 5. d3 d6 6. h3 e5 7. e4 h6 8. Nc3 c5
9. b3 Nc6 10. Bb2 b6 11. O-O Rb8 12. a4 a6 13. Ne1 Ne8 14. Nc2 Bd7 15. Ne3 Qc8
16. Kh2 Ne7 17. Ncd5 Nc6 18. Qd2 Qd8 19. Bc3 a5 20. f4 Nd4 21. Rab1 f5 22. Nc2
Kh8 23. Bxd4 cxd4 24. Na3 Nf6 25. Nxf6 Bxf6 26. Nb5 Bxb5 27. axb5 g5 28. exf5
exf4 29. g4 Re8 30. Be4 Qc7 31. Kg2 Kg7 32. Kf3 Be5 33. Rh1 Rh8 34. Ra1 Qc5 35.
Ra4 Rbc8 36. b4 axb4 37. Rxb4 Rc7 38. Rb3 Rhc8 39. h4 Rh8 40. hxg5 hxg5 41.
Rxh8 Kxh8 42. Qh2+ Rh7 43. Qg2 Bf6 44. Bc6 Qe5 45. Be4 Qc5 46. Rb2 Qc7 47. Ra2
Kg7 48. Bc6 Rh8 49. Ra8 Rxa8 50. Bxa8 Qe7 51. Be4 Qf8 52. Bd5 Qe7 53. Qe2 Qxe2+
54. Kxe2 Be5 55. Bg2 Kf6 56. Kf3 Ke7 57. Ke4 Kd7 58. Kd5 Bf6 1/2-1/2

[Event "SC Forchheim e.V.-Hessische Seniorenman"]
[Site "Radebeul"]
[Date "2016.07.02"]
[Round "?"]
[White "Kannenberg, Karl-Heinz"]
[Black "Kargoll, Herbert"]
[Result "0-1"]
[WhiteElo "2236"]
[BlackElo "2185"]
[PlyCount "104"]
[EventDate "2016.??.??"]

1. d4 Nf6 2. Nf3 e6 3. c4 b6 4. g3 Ba6 5. b3 b5 6. cxb5 Bxb5 7. Ba3 Bxa3 8.
Nxa3 Bc6 9. Bg2 Qe7 10. Nc2 a5 11. O-O Na6 12. Ne5 Bxg2 13. Kxg2 Nb4 14. a3
Nbd5 15. Qd3 Nh5 16. Qf3 g6 17. e4 Nb6 18. Ne3 f6 19. N5c4 O-O 20. Rfc1 Nxc4
21. Rxc4 Rab8 22. d5 f5 23. exf5 exf5 24. d6 cxd6 25. Rd1 Nf6 26. Nd5 Qe6 27.
Nxf6+ Rxf6 28. Rd5 Qe1 29. b4 axb4 30. axb4 Re6 31. b5 Qa5 32. Qb3 Qa8 33. Rcd4
Kf8 34. Kh3 Rb6 35. Qf3 Qa1 36. Rd1 Qf6 37. Qf4 Kg7 38. Qc4 Qd8 39. Qd4+ Kf7
40. Qc4 Qb8 41. R1d4 Ke7 42. Qd3 Qc7 43. Qd2 Qb8 44. Qh6 Qh8 45. Qh4+ Kf7 46.
Rc4 Rb7 47. b6 Rxb6 48. Rc7 Re4 49. Rxf5+ gxf5 50. Rxd7+ Kg6 51. f4 h6 52. Rd8
Re8 0-1

[Event "Schachfreunde Leipzig 50+-SV Eiche Reic"]
[Site "Radebeul"]
[Date "2016.07.02"]
[Round "?"]
[White "Pruefer, Friedbert"]
[Black "Fehlhammer, Michael"]
[Result "1-0"]
[WhiteElo "2165"]
[BlackElo "2174"]
[PlyCount "45"]
[EventDate "2016.??.??"]

1. d4 e6 2. g3 c5 3. Nf3 Nf6 4. Bg2 Nc6 5. O-O cxd4 6. Nxd4 Qb6 7. Nb3 d5 8. c4
dxc4 9. N3d2 Na5 10. Nxc4 Nxc4 11. Qa4+ Bd7 12. Qxc4 Bc5 13. Nc3 Rc8 14. Qh4
O-O 15. Bg5 Bd4 16. Rad1 Bxc3 17. bxc3 Bc6 18. Bxf6 gxf6 19. Qxf6 Bxg2 20. Kxg2
Qc6+ 21. Kg1 Qxc3 22. Rd4 Rc4 23. Rg4+ 1-0

[Event "Latvia Women-SV Dresden-Striesen 1990 e"]
[Site "Radebeul"]
[Date "2016.07.02"]
[Round "?"]
[White "Ungure, Liga"]
[Black "Lehmann, Wolfgang"]
[Result "1/2-1/2"]
[WhiteElo "1950"]
[BlackElo "2048"]
[PlyCount "28"]
[EventDate "2016.??.??"]

1. e4 c5 2. Nf3 d6 3. Bb5+ Nd7 4. O-O Ngf6 5. Re1 e6 6. c3 a6 7. Bf1 Be7 8. d4
cxd4 9. cxd4 O-O 10. Nc3 e5 11. b3 b5 12. Bb2 Bb7 13. d5 Rc8 14. Rc1 Qb6
1/2-1/2

[Event "Liechtenstein-Dettmann"]
[Site "Radebeul"]
[Date "2016.07.02"]
[Round "?"]
[White "Iclicki, Willy"]
[Black "Dettmann, Uwe"]
[Result "0-1"]
[WhiteElo "1970"]
[BlackElo "1909"]
[PlyCount "130"]
[EventDate "2016.??.??"]

1. d4 d5 2. c4 e6 3. Nc3 Nf6 4. Bg5 Be7 5. cxd5 exd5 6. Qc2 O-O 7. e3 Nbd7 8.
Bd3 h6 9. Bh4 c6 10. Nf3 Re8 11. O-O Ne4 12. Bxe7 Qxe7 13. Rab1 Ndf6 14. Ne5
Nxc3 15. bxc3 Nd7 16. Nxd7 Qxd7 17. c4 b6 18. cxd5 Qxd5 19. Qc4 Be6 20. Qxd5
Bxd5 21. Rb2 Rac8 22. Rc1 c5 23. Ba6 Rc7 24. a3 Bb7 25. Be2 Rec8 26. Bg4 cxd4
27. Rd1 Rc1 28. Rbd2 Rxd1+ 29. Rxd1 Rd8 30. exd4 Kf8 31. Kf1 Ke7 32. Rc1 Kd6
33. Ke2 Re8+ 34. Kd2 g6 35. Bf3 Bxf3 36. gxf3 Re7 37. Rc3 Rc7 38. Re3 Kd7 39.
f4 Rc6 40. Rf3 Rf6 41. Ke2 Rf5 42. Rg3 Rh5 43. h3 Ra5 44. d5 Kd6 45. Rc3 Rxd5
46. Rc8 Ra5 47. Rd8+ Ke6 48. Rd3 Ra4 49. Kf3 Rc4 50. Rb3 Kf5 51. Rb5+ Rc5 52.
Rb3 Ra5 53. Re3 a6 54. h4 h5 55. Kg3 Ra4 56. Re5+ Kf6 57. Re3 b5 58. f3 Rc4 59.
Rd3 Rc6 60. Rb3 Rb6 61. Rd3 a5 62. Rb3 b4 63. axb4 axb4 64. Kf2 Kf5 65. Ke3 Rb5
0-1

[Event "Dettmann-Liechtenstein"]
[Site "Radebeul"]
[Date "2016.07.02"]
[Round "?"]
[White "Dettmann, Juergen"]
[Black "Guller, Andras"]
[Result "0-1"]
[WhiteElo "1604"]
[BlackElo "2013"]
[PlyCount "90"]
[EventDate "2016.??.??"]

1. d4 d5 2. c4 c6 3. Nf3 Nf6 4. Nc3 g6 5. cxd5 cxd5 6. Bf4 Nc6 7. e3 a6 8. Bd3
Bg7 9. O-O O-O 10. Rc1 Nh5 11. Bg3 Nxg3 12. hxg3 e6 13. Re1 Bd7 14. Re2 Rc8 15.
a3 b5 16. Na2 e5 17. Nxe5 Nxe5 18. dxe5 Bxe5 19. Nb4 Bg4 20. Rxc8 Qxc8 21. f3
Be6 22. Rc2 Qb7 23. f4 Bc7 24. Qf3 Bb6 25. Rc6 Rd8 26. Rc2 Rc8 27. Kh2 Rxc2 28.
Bxc2 a5 29. Nd3 Bf5 30. g4 Be4 31. Qe2 Qa7 32. Ne5 Bxe3 33. Bxe4 Bxf4+ 34. g3
Bxe5 35. Bxd5 Qe7 36. Qxb5 Qh4+ 37. Kg2 Qxg3+ 38. Kf1 Qf4+ 39. Ke1 Qc1+ 40. Ke2
Qxb2+ 41. Qxb2 Bxb2 42. a4 Kg7 43. Bc6 Kh6 44. Bd7 Kg5 45. Kf3 h5 0-1

[Event "TSG Markkleeberg von 1903-Schachklub He"]
[Site "Radebeul"]
[Date "2016.07.02"]
[Round "?"]
[White "Nuernberger, Thomas"]
[Black "Wurmb, Peter"]
[Result "1-0"]
[WhiteElo "1983"]
[BlackElo "1993"]
[PlyCount "73"]
[EventDate "2016.??.??"]

1. c4 Nf6 2. Nc3 c5 3. g3 Nc6 4. Bg2 e6 5. e4 Be7 6. Nge2 a6 7. d3 d6 8. O-O
O-O 9. h3 Qc7 10. f4 Rb8 11. g4 b5 12. Ng3 Nd7 13. f5 Nde5 14. b3 Nb4 15. g5 f6
16. h4 Nbxd3 17. Be3 bxc4 18. bxc4 Nb2 19. Qh5 fxg5 20. hxg5 Nbxc4 21. Bc1 g6
22. Qh3 exf5 23. exf5 Qd8 24. Bd5+ Rf7 $2 25. Qh4 Nb6 26. fxg6 Nxd5 27. gxf7+
Nxf7 28. Nxd5 Bxg5 29. Bxg5 Qxg5 30. Nf6+ Kg7 31. Qxg5+ Nxg5 32. Nfe4 Nh3+ 33.
Kg2 Rb2+ 34. Kf3 Bb7 35. Nf5+ Kg6 36. Nfxd6 Ng5+ 37. Ke3 1-0

[Event "Germany 2 Women-Blue Wonder"]
[Site "Radebeul"]
[Date "2016.07.02"]
[Round "?"]
[White "v d. Weth-v. Nordheim, Petra"]
[Black "Grossmann, Frank"]
[Result "1/2-1/2"]
[WhiteElo "1987"]
[BlackElo "1808"]
[PlyCount "40"]
[EventDate "2016.??.??"]

1. d4 d5 2. Nf3 Nf6 3. g3 Bf5 4. Bg2 c6 5. O-O e6 6. c4 Be7 7. Nc3 O-O 8. b3
Nbd7 9. Nh4 Bg6 10. Nxg6 hxg6 11. h3 Bb4 12. Bd2 Bxc3 13. Bxc3 Ne4 14. Bb4 Re8
15. Bxe4 dxe4 16. f3 Qg5 17. Kg2 Nf6 18. Bd2 Qh5 19. f4 Rad8 20. e3 Qxd1
1/2-1/2

[Event "Deutsche Schach-Loewen-BSV Chemie Radeb"]
[Site "Radebeul"]
[Date "2016.07.02"]
[Round "?"]
[White "Carsten, Juergen"]
[Black "Hoffmann, Uwe"]
[Result "1/2-1/2"]
[WhiteElo "1789"]
[BlackElo "1943"]
[PlyCount "80"]
[EventDate "2016.??.??"]

1. e4 e5 2. Bc4 Nf6 3. d3 Nc6 4. c3 Be7 5. Nf3 O-O 6. O-O d6 7. h3 Na5 8. Bb5
a6 9. Ba4 b5 10. Bc2 c5 11. Be3 Qc7 12. b3 Bb7 13. Nbd2 d5 14. Bg5 dxe4 15.
Nxe4 Nxe4 16. dxe4 Rfd8 17. Qe2 c4 18. Bxe7 Qxe7 19. b4 Nc6 20. Rad1 Rxd1 21.
Rxd1 Rd8 22. Bb1 Rd6 23. Bc2 Qd8 24. a4 f6 25. a5 Rxd1+ 26. Bxd1 Qd6 27. Qd2
Qxd2 28. Nxd2 Nd8 29. Bg4 Kf7 30. Kf1 Ne6 31. g3 Ng5 32. h4 Ne6 33. Ke2 Ke7 34.
f3 Bc6 35. Nf1 Bd7 36. Ne3 Nc7 37. Nf5+ Kf8 38. Ne3 Ke7 39. Nf5+ Kf8 40. Ne3
Ke7 1/2-1/2

[Event "BSV Chemie Radebeul-Deutsche Schach-Loe"]
[Site "Radebeul"]
[Date "2016.07.02"]
[Round "?"]
[White "Muehlberg, Frank"]
[Black "Schwieger, Wolfgang"]
[Result "1-0"]
[WhiteElo "1929"]
[BlackElo "1825"]
[PlyCount "41"]
[EventDate "2016.??.??"]

1. d4 d5 2. Nf3 Nf6 3. c4 e6 4. e3 b6 5. Nc3 Bb7 6. Bd2 Nbd7 7. Rc1 Be7 8. Be2
O-O 9. O-O dxc4 10. Bxc4 Ne4 11. Nxe4 Bxe4 12. Qe2 c5 13. Bc3 h6 14. Rfd1 Qb8
15. b3 Qb7 16. Ne1 a6 17. dxc5 b5 18. c6 Bxc6 19. Bd3 Bf6 20. Bb1 b4 21. Qc2
1-0

[Event "SK Kaltenkirchen-SG Gera/ Meuselwitz"]
[Site "Radebeul"]
[Date "2016.07.02"]
[Round "?"]
[White "Pantel, Heinrich"]
[Black "Kohl, Anke"]
[Result "1/2-1/2"]
[WhiteElo "1801"]
[BlackElo "1511"]
[PlyCount "96"]
[EventDate "2016.??.??"]

1. e4 c5 2. Nc3 Nc6 3. Nf3 a6 4. Be2 Nf6 5. O-O g6 6. d3 Bg7 7. h3 O-O 8. Be3
d6 9. Qd2 b5 10. Rab1 Re8 11. Nh2 b4 12. Nd5 Nxd5 13. exd5 Nd4 14. Bxd4 Bxd4
15. c4 e6 16. dxe6 Bxe6 17. Bg4 Ra7 18. Bxe6 Rxe6 19. Nf3 Bf6 20. Rfe1 Rae7 21.
Rxe6 Rxe6 22. Re1 Rxe1+ 23. Nxe1 Qe7 24. Nf3 a5 25. b3 Bc3 26. Qe3 Qd7 27. Qe4
Qd8 28. Qc6 Be5 29. Qd5 Qf6 {(=)} 30. Qe4 Kg7 31. Qe2 Qf4 32. Qe3 Qf6 33. Qe4
Bf4 34. d4 Bc1 35. dxc5 Qa1 36. Qd4+ Qxd4 37. Nxd4 dxc5 38. Nc2 Kf6 39. Kf1 Ke5
40. Ke2 f5 41. f3 Bf4 42. Kd3 Bg5 43. g3 Bc1 44. Ne1 g5 45. Ng2 h6 46. Ne1 f4
47. g4 Be3 48. Nc2 Bc1 1/2-1/2

[Event "Schachfreunde MV-Stoertebeker"]
[Site "Radebeul"]
[Date "2016.07.02"]
[Round "?"]
[White "Hausmann, Ulrich"]
[Black "Kuehn, Peter"]
[Result "1/2-1/2"]
[WhiteElo "1737"]
[BlackElo "1961"]
[PlyCount "44"]
[EventDate "2016.??.??"]

1. f4 d5 2. Nf3 c5 3. e3 a6 4. c3 Nf6 5. Be2 e6 6. O-O Nc6 7. d4 b6 8. Ne5 Bb7
9. Nd2 Be7 10. b3 O-O 11. Qc2 Rc8 12. Nxc6 Rxc6 13. Bb2 Rc8 14. Bf3 Qc7 15. Qd1
Qb8 16. Ba3 b5 17. Rc1 b4 18. Bb2 cxd4 19. cxd4 Rxc1 20. Qxc1 Rc8 21. Qb1 a5
22. Be2 Ne4 1/2-1/2

[Event "SV Bannewitz-TuS Coswig 1920"]
[Site "Radebeul"]
[Date "2016.07.02"]
[Round "?"]
[White "Jeute, Peter"]
[Black "Poenisch, Wolfram"]
[Result "1/2-1/2"]
[WhiteElo "1978"]
[BlackElo "1877"]
[PlyCount "36"]
[EventDate "2016.??.??"]

1. d4 d5 2. Nf3 e6 3. e3 f5 4. g3 Nf6 5. Bg2 Be7 6. O-O O-O 7. b3 Qe8 8. Bb2
Nbd7 9. Nbd2 Ne4 10. Ne1 c6 11. Ndf3 g5 12. Nd3 Nd6 13. Nfe5 Nf7 14. Rc1 Nfxe5
15. dxe5 Nc5 16. Nxc5 Bxc5 17. c4 Bb6 18. c5 Bd8 1/2-1/2

[Event "SV Bannewitz-TuS Coswig 1920"]
[Site "Radebeul"]
[Date "2016.07.02"]
[Round "?"]
[White "Peglau, Markus"]
[Black "Eiselt, Peter"]
[Result "1-0"]
[WhiteElo "1777"]
[BlackElo "2012"]
[PlyCount "115"]
[EventDate "2016.??.??"]

1. c4 Nf6 2. Nf3 e6 3. b3 Be7 4. Bb2 O-O 5. g3 c6 6. Bg2 d5 7. O-O Nbd7 8. d3
Re8 9. Nbd2 Nf8 10. Ne5 Ng6 11. Ndf3 Bd6 12. Rc1 Qc7 13. Nxg6 hxg6 14. Qd2 Qe7
15. Ne5 Nd7 16. d4 Nxe5 17. dxe5 Bc5 18. Rfd1 Bd7 19. e4 Rad8 20. exd5 exd5 21.
cxd5 cxd5 22. Qc3 Rc8 23. Qd2 Bg4 24. Re1 Bb4 25. Bc3 Bxc3 26. Rxc3 Rxc3 27.
Qxc3 Be6 28. Qd2 Rd8 29. Rc1 Qd7 30. Qd4 Rc8 31. Rc5 b6 32. Rc3 Rxc3 33. Qxc3
d4 34. Qc6 Qxc6 35. Bxc6 d3 36. Kf1 Bg4 37. f3 Bf5 38. g4 Bc8 39. Ke1 Kf8 40.
Kd2 Ba6 41. Be4 g5 42. Bxd3 Bb7 43. Ke3 Ke7 44. f4 gxf4+ 45. Kxf4 Bc6 46. h4
Bd5 47. h5 Bc6 48. g5 Kf8 49. Be4 Bb5 50. Bf5 Be2 51. h6 gxh6 52. gxh6 Kg8 53.
Kg5 Bf3 54. Kf6 Bd5 55. e6 fxe6 56. Bxe6+ Bxe6 57. Kxe6 Kh7 58. Kd6 1-0

[Event "TuS Coswig 1920-SV Bannewitz"]
[Site "Radebeul"]
[Date "2016.07.02"]
[Round "?"]
[White "Flemmer, Wolfgang"]
[Black "Seifert, Klaus"]
[Result "1/2-1/2"]
[WhiteElo "1984"]
[BlackElo "1886"]
[PlyCount "36"]
[EventDate "2016.??.??"]

1. e4 c5 2. Nc3 Nc6 3. g3 g6 4. Bg2 Bg7 5. d3 d6 6. f4 e6 7. Nf3 Nge7 8. O-O
O-O 9. Ne2 d5 10. c3 dxe4 11. dxe4 Qxd1 12. Rxd1 b6 13. Be3 Ba6 14. Kf2 Rad8
15. Ne1 Na5 16. Rxd8 Rxd8 17. Bf3 Nc4 18. Rb1 f5 1/2-1/2

[Event "Belgium 2-Eck-Gunners"]
[Site "Radebeul"]
[Date "2016.07.02"]
[Round "?"]
[White "Schrickx, Frank"]
[Black "Weisenburger, Horst"]
[Result "0-1"]
[WhiteElo "1920"]
[BlackElo "2170"]
[PlyCount "70"]
[EventDate "2016.??.??"]

1. e4 c5 2. c3 Nf6 3. e5 Nd5 4. d4 cxd4 5. cxd4 d6 6. Nf3 Nc6 7. Bc4 Nb6 8. Bb5
e6 9. O-O Bd7 10. Nc3 Ne7 11. Bg5 h6 12. Ne4 Nbc8 13. Bxd7+ Qxd7 14. Bf4 Ng6
15. Bg3 d5 16. Nc5 Bxc5 17. dxc5 f5 18. exf6 gxf6 19. Re1 O-O 20. Qd3 Kh7 21.
Rad1 Nce7 22. Bd6 Rg8 23. Bxe7 Qxe7 24. b4 Rad8 25. Nh4 e5 26. Nf5 Qe6 27. Qh3
Nh4 28. Qxh4 Qxf5 29. f4 Rg4 30. Qh3 Rxf4 31. Qxf5+ Rxf5 32. b5 Rf4 33. Rc1 Rc8
34. c6 bxc6 35. bxc6 Rc4 0-1

[Event "Wien 1-Wien 2"]
[Site "Radebeul"]
[Date "2016.07.02"]
[Round "?"]
[White "Titz, Herbert"]
[Black "Prochaska, Juergen"]
[Result "1/2-1/2"]
[WhiteElo "1950"]
[BlackElo "1887"]
[PlyCount "77"]
[EventDate "2016.??.??"]

1. e4 c5 2. Nf3 d6 3. d4 cxd4 4. Nxd4 a6 5. c4 Nf6 6. Nc3 e6 7. Be2 Be7 8. O-O
Qc7 9. h3 Nc6 10. Be3 O-O 11. Rc1 Bd7 12. Qd2 Rac8 13. Rfd1 Rfd8 14. b3 Qb8 15.
Nf3 b5 16. cxb5 axb5 17. Bxb5 Nxe4 18. Nxe4 Qxb5 19. Nxd6 Bxd6 20. Qxd6 Be8 21.
Qc5 Qe2 22. Rxd8 Rxd8 23. Qc2 Qxc2 24. Rxc2 Nb4 25. Rb2 Rd1+ 26. Kh2 Ra1 27. a4
f6 28. Nd4 e5 29. Ne6 Bg6 30. Bb6 Bc2 31. Nc5 Rb1 32. Rxb1 Bxb1 33. a5 Nd3 34.
Nb7 Nb4 35. Nc5 Nd3 36. Na6 Ba2 37. b4 Bc4 38. b5 Bxb5 39. Nc7 (39. Nc7 Bc6 40.
a6 Nf4 41. a7 Bxg2 $14) 1/2-1/2

[Event "TuR Dresden-Norway 3"]
[Site "Radebeul"]
[Date "2016.07.02"]
[Round "?"]
[White "Heinze, Peter"]
[Black "Tveten, Per"]
[Result "*"]
[WhiteElo "1635"]
[BlackElo "1537"]
[PlyCount "46"]
[EventDate "2016.??.??"]

1. e4 e5 2. Nf3 Nc6 3. d4 exd4 4. Bc4 h6 (4... a6 5. O-O Bc5 6. c3 Qf6 7. e5
Qg6 8. cxd4 Bb4 9. d5 Na5 10. Qa4 Nxc4 11. Qxb4 Nb6 12. Nc3 a5 13. Qc5 Ne7 14.
d6 Nf5 15. Nb5 O-O 16. Nxc7 Na4 17. Qb5 Qg4 18. Nxa8 Nd4 19. Nxd4 Qxd4 20. Qe2
Qa7 21. Nc7 b6 (21... b5) 22. Be3 Bb7 23. Qg4 f5 24. Qxa4 Bc6 25. Qb3+ Kh8 26.
Bxb6 Qb7 27. Bxa5 Bxg2 28. Qxb7 Bxb7 29. b4 g5 30. Rad1 Bf3 31. Rd4 (31. Rc1) (
31. Rd2) (31. Rd3 Be2) 31... Be2 32. Rfd1 f4 33. b5 (33. R1d2 Bh5 34. Nd5 Bg6
35. Nc3 h5) 33... Bh5) 5. O-O Bc5 6. c3 Qf6 7. e5 Qg6 8. cxd4 Bb4 9. d5 Na5 10.
Qa4 Nxc4 11. Qxb4 Nb6 12. Nc3 a5 13. Qc5 Ne7 14. d6 Nf5 15. Nb5 O-O 16. Nxc7
Na4 17. Qb5 Qg4 (17... b6 18. Nxa8) 18. Nxa8 Nd4 19. Nxd4 Qxd4 20. Qe2 Nc5 (
20... b6 21. Be3 Qg4 22. Qxg4) 21. Be3 (21. Qe3 Qxe3) 21... Qxb2 22. Nc7 b6 23.
Qg4 f5 {

[Event "Tunisia-SV Dresden-Striesen 1990 e.V."]
[Site "Radebeul"]
[Date "2016.07.02"]
[Round "?"]
[White "Malki, Mounir"]
[Black "Niese, Dieter"]
[Result "0-1"]
[WhiteElo "1757"]
[BlackElo "1811"]
[PlyCount "64"]
[EventDate "2016.??.??"]

1. d4 Nf6 2. c4 e6 3. Nc3 c5 4. d5 exd5 5. cxd5 d6 6. Bg5 g6 7. e4 Bg7 8. Be2
O-O 9. Qd2 Re8 10. h4 a6 11. a4 Qc7 12. Bxf6 Bxf6 13. h5 Qe7 14. hxg6 fxg6 15.
Bd3 c4 16. Bc2 Nd7 17. Nge2 Nc5 18. f3 Bd7 19. Nd4 Qe5 20. Nce2 b5 21. Qh6 Qe7
22. f4 Qg7 23. O-O-O Nxe4 24. Qxg7+ Kxg7 25. Bxe4 Rxe4 26. axb5 axb5 27. Kc2 b4
28. Rhe1 Rae8 29. Ne6+ Bxe6 30. dxe6 R4xe6 31. Rd2 c3 32. bxc3 bxc3 0-1

[Event "Sweden 3-Dresdner Seniorenklub"]
[Site "Radebeul"]
[Date "2016.07.02"]
[Round "?"]
[White "Nyberg, Bo"]
[Black "Ziegenbein, Dieter"]
[Result "1-0"]
[WhiteElo "1899"]
[BlackElo "1701"]
[PlyCount "69"]
[EventDate "2016.??.??"]

1. d4 Nf6 2. Bf4 e6 3. e3 b6 4. c3 d5 5. Bd3 Bd6 6. Nf3 Bxf4 7. exf4 Nbd7 8.
Nbd2 Bb7 9. Qe2 Qe7 10. O-O O-O 11. Rfe1 Rfe8 12. f5 Qd6 13. Ne5 Re7 14. Nxd7
Qxd7 15. fxe6 Rxe6 16. Qf3 Rxe1+ 17. Rxe1 Re8 18. Re3 Rxe3 19. Qxe3 Qe8 20. h3
Qxe3 21. fxe3 Ne4 22. Bxe4 dxe4 23. Kf2 Bd5 24. c4 Bb7 25. Kg3 f5 26. Kf4 g6
27. g4 fxg4 28. hxg4 Kf7 29. Nxe4 Bxe4 30. Kxe4 Kf6 31. Kf4 h5 32. gxh5 gxh5
33. e4 c6 34. d5 cxd5 35. cxd5 1-0

[Event "BSV Chemie Radebeul-England 3"]
[Site "Radebeul"]
[Date "2016.07.02"]
[Round "?"]
[White "Unger, Martin"]
[Black "Scowen, Roger S"]
[Result "0-1"]
[WhiteElo "1514"]
[BlackElo "1849"]
[PlyCount "78"]
[EventDate "2016.??.??"]

1. d4 d5 2. Nf3 c6 3. g3 Bf5 4. Bg2 Nf6 5. Nbd2 Nbd7 6. O-O e6 7. c4 dxc4 8.
Nxc4 Nb6 9. Nxb6 Qxb6 10. b3 Be7 11. Bb2 O-O 12. Nh4 Bg4 13. h3 Bh5 14. Nf3
Rad8 15. e3 a5 16. a4 Nd5 17. g4 Bg6 18. Ne5 Nb4 19. Nxg6 hxg6 20. Qe2 Rd7 21.
Rab1 Rfd8 22. Qc4 c5 23. Rfd1 cxd4 24. Bxd4 Bc5 25. Bf3 Bxd4 26. Rxd4 Rxd4 27.
exd4 Rxd4 28. Qc8+ Rd8 29. Qxb7 Qxb7 30. Bxb7 Rd3 31. Kg2 Rd2 32. Kf3 g5 33.
Be4 g6 34. Ke3 Ra2 35. Rc1 Rb2 36. Rc3 Kg7 37. Bd3 Nd5+ 38. Kd4 Nxc3 39. Kxc3
Rxf2 0-1

[Event "Oberlausitz-USV TU Dresden"]
[Site "Radebeul"]
[Date "2016.07.04"]
[Round "?"]
[White "Byhan, Gert"]
[Black "Petzold, Hans"]
[Result "1/2-1/2"]
[WhiteElo "1953"]
[BlackElo "2092"]
[PlyCount "59"]
[EventDate "2016.??.??"]

1. e4 e5 2. Nf3 Nc6 3. d4 exd4 4. Nxd4 Bc5 5. Nb3 Bb6 6. Nc3 d6 7. a4 Be6 8. a5
Bc5 9. Nxc5 dxc5 10. Qxd8+ Rxd8 11. Bb5 Nge7 12. Be3 b6 13. axb6 axb6 14. O-O
O-O 15. Bf4 Rd7 16. Rfd1 Rxd1+ 17. Rxd1 Rc8 18. Bxc6 Nxc6 19. Nb5 Bc4 20. Nxc7
Nd4 21. g3 g5 22. Bd6 Rd8 23. e5 Nf3+ 24. Kg2 Nxe5 25. b3 Be2 26. Rd2 Bf3+ 27.
Kf1 f6 28. Ke1 Nf7 29. Be7 Rc8 30. Nd5 1/2-1/2

[Event "Austria-Koninklijke DD"]
[Site "Radebeul"]
[Date "2016.07.04"]
[Round "?"]
[White "Petschar, Kurt"]
[Black "Dickhoff, Ronald"]
[Result "1-0"]
[WhiteElo "2278"]
[BlackElo "2106"]
[PlyCount "117"]
[EventDate "2016.??.??"]

1. d4 Nf6 2. c4 e6 3. Nc3 Bb4 4. e3 c5 5. Nge2 cxd4 6. exd4 O-O 7. a3 Be7 8.
Nf4 d5 9. cxd5 Nxd5 10. Ncxd5 exd5 11. Bd3 Nc6 12. O-O Bf6 13. Be3 g6 14. Rc1
Qd6 15. Ne2 Bg4 16. h3 Be6 17. Qd2 Rac8 18. Bf4 Qd7 19. Bb5 a6 20. Bxc6 Rxc6
21. Rxc6 bxc6 22. Rc1 Rc8 23. b4 Be7 24. Nc3 a5 25. Na4 axb4 26. Nb6 Qb7 27.
Nxc8 Bxc8 28. axb4 Bxb4 29. Qb2 Bf8 30. Qxb7 Bxb7 31. Rb1 Ba6 32. Rb8 Kg7 33.
Bh6+ Kxh6 34. Rxf8 Kg7 35. Ra8 Bb5 36. f3 h5 37. h4 Kf6 38. Ra7 Ke6 39. Kf2 Kf6
40. Ke3 Bf1 41. g3 Bc4 42. Kf4 Be2 43. Rc7 Bb5 44. Rc8 Ba4 45. g4 hxg4 46. fxg4
Bb5 47. Rc7 Ba4 48. Ra7 Bb5 49. Ra3 Bc4 50. Re3 Bb5 51. g5+ Kg7 52. Ke5 Ba4 53.
Ra3 Bb5 54. Ra7 Bd3 55. Rc7 Bb5 56. Kd6 Ba4 57. Rxc6 f5 58. Rc7+ Kf8 59. Ke5
1-0

[Event "Dresdner Springer-Wien 2"]
[Site "Radebeul"]
[Date "2016.07.04"]
[Round "?"]
[White "Schwier, Gerd"]
[Black "Prochaska, Juergen"]
[Result "1/2-1/2"]
[WhiteElo "1864"]
[BlackElo "1887"]
[PlyCount "28"]
[EventDate "2016.??.??"]

{Waiting for moves from server...} 1. e4 c5 2. f4 e6 3. Nf3 d5 4. e5 Nc6 5. c3
Nge7 6. d3 h5 7. Be2 Nf5 8. Na3 Be7 9. g3 Bd7 10. Nc2 g6 11. Ne3 Nxe3 12. Bxe3
d4 13. cxd4 cxd4 14. Bd2 Qb6 1/2-1/2

[Event "Oranje 3-TuR Dresden"]
[Site "Radebeul"]
[Date "2016.07.04"]
[Round "?"]
[White "Mostertman, Loek"]
[Black "Appelt, Gerd"]
[Result "1/2-1/2"]
[WhiteElo "1958"]
[BlackElo "2011"]
[PlyCount "32"]
[EventDate "2016.??.??"]

1. d4 Nf6 2. c4 e6 3. Nc3 Bb4 4. e3 O-O 5. Nge2 b6 6. a3 Be7 7. e4 Bb7 8. Ng3
d5 9. cxd5 exd5 10. e5 Nfd7 11. f4 c5 12. dxc5 Nxc5 13. b4 Ne4 14. Ngxe4 dxe4
15. Be3 a5 16. Qxd8 Bxd8 1/2-1/2

[Event "Oranje 3-TuR Dresden"]
[Site "Radebeul"]
[Date "2016.07.04"]
[Round "?"]
[White "Montsma, Foppe-Jan"]
[Black "Heinze, Peter"]
[Result "1-0"]
[WhiteElo "1825"]
[BlackElo "1635"]
[PlyCount "87"]
[EventDate "2016.??.??"]

1. d4 Nf6 2. Nf3 e6 3. Bf4 d5 4. c3 h6 5. e3 Bd6 6. Bg3 Ne4 7. Nbd2 Nxg3 8.
hxg3 Nd7 9. Bd3 Nf6 10. Qe2 c5 11. e4 c4 12. Bc2 dxe4 13. Nxe4 Nxe4 14. Bxe4
Qc7 15. Nd2 Bd7 16. Nxc4 Be7 17. Ne5 Bg5 18. Bd3 a6 19. O-O Bf6 20. Nxd7 Qxd7
21. Rfe1 O-O 22. Qe4 g6 23. g4 Rad8 24. Bc4 Qc6 25. Qxc6 bxc6 26. Bxa6 c5 27.
dxc5 Rd2 28. Re2 Rxe2 29. Bxe2 Rc8 30. a4 Rxc5 31. a5 Rc7 32. a6 Ra7 33. Bf3
Kf8 34. Bb7 Ke7 35. Rd1 Be5 36. Rd3 Bd6 37. b4 e5 38. b5 Bc7 39. c4 Bb6 40. Rd5
f6 41. c5 Bc7 42. b6 Rxb7 43. axb7 Bb8 44. c6 1-0

[Event "Stiftung BSW / DBAG III-BSV Chemie Rade"]
[Site "Radebeul"]
[Date "2016.07.04"]
[Round "?"]
[White "Warnke, Eberhard"]
[Black "Koenig, Manfred"]
[Result "1-0"]
[WhiteElo "1868"]
[BlackElo "1305"]
[PlyCount "61"]
[EventDate "2016.??.??"]

1. d4 Nf6 2. Nf3 d5 3. h3 h6 4. e3 e6 5. Bd3 Bd6 6. O-O O-O 7. Nbd2 c6 8. c4 c5
9. b3 Nc6 10. Bb2 b6 11. dxc5 bxc5 12. Be2 Be7 13. Ne5 Bb7 14. Ndf3 Nxe5 15.
Bxe5 Ne8 16. Qc2 Bf6 17. Bxf6 Nxf6 18. Rfd1 Qc7 19. Rac1 a5 20. cxd5 exd5 21.
Qxc5 Qxc5 22. Rxc5 Rfc8 23. Rdc1 Rxc5 24. Rxc5 Ne4 25. Rc7 Ba6 26. Bxa6 Rxa6
27. Nd4 Rf6 28. f3 Nd6 29. Rc5 Nf5 30. Nxf5 Rxf5 31. Rxa5 1-0